[Event "GRE-chT 49th"]
[Site "Thessaloniki"]
[Date "2022.08.17"]
[Round "7"]
[White "Armaos, Michail"]
[Black "Rousos, Georgios Iasonas"]
[Result "1-0"]
[WhiteElo "1250"]
[BlackElo "1203"]
[PlyCount "61"]
[EventDate "2022.08.12"]
[EventType "team-swiss"]
[EventRounds "7"]
[EventCountry "GRE"]
[SourceTitle "EXT 2024"]
[Source "ChessBase"]
[SourceDate "2023.10.10"]
[SourceVersion "1"]
[SourceVersionDate "2023.10.10"]
[SourceQuality "1"]
[WhiteTeam "Kallithea"]
[BlackTeam "Asos Rodou Hippotis"]
[WhiteTeamCountry "GRE"]
[BlackTeamCountry "GRE"]

1. d4 d5 2. c4 c6 3. cxd5 cxd5 4. Nc3 Nf6 5. Bf4 e6 6. e3 Bd6 7. Bg3 0-0 8. Nf3 b6 9. Bd3 Bb7 10. 0-0 Ne4 11. Rc1 Bxg3 12. hxg3 Nd7 13. Qc2 Rc8 14. Qb3 Re8 15. Ne2 e5 16. Rxc8 Qxc8 17. Rc1 Qd8 18. Bb5 f6 19. Qa4 a6 20. Bxd7 b5 21. Bxb5 axb5 22. Qxb5 Nd6 23. Qc5 e4 24. Nd2 Re7 25. b4 Ba6 26. Qxd5+ Kf8 27. Nf4 Qd7 28. a4 Bb7 29. Qc5 Kf7 30. Nd5 Qxa4 31. Qxd6 1-0

[Event "GRE-ch U12 Attiki"]
[Site "Peristeri"]
[Date "2022.06.26"]
[Round "3"]
[White "Latifis, Panagiotis"]
[Black "Armaos, Michail"]
[Result "0-1"]
[WhiteElo "1157"]
[BlackElo "1184"]
[PlyCount "136"]
[EventDate "2022.06.24"]
[EventType "swiss"]
[EventRounds "7"]
[EventCountry "GRE"]
[SourceTitle "EXT 2023"]
[Source "ChessBase"]
[SourceDate "2022.10.05"]
[SourceVersion "1"]
[SourceVersionDate "2022.10.05"]
[SourceQuality "1"]

1. d4 d5 2. Nf3 Nf6 3. g3 c5 4. Bg2 Bf5 5. 0-0 e6 6. Ne5 Nc6 7. Nxc6 bxc6 8. c4 Bd6 9. Nc3 0-0 10. dxc5 Bxc5 11. Qa4 Qb6 12. Qb3 Qxb3 13. axb3 Bc2 14. Na4 Bb4 15. cxd5 cxd5 16. Be3 Bxb3 17. Nc3 a5 18. Bd2 Bc4 19. Rfe1 Rac8 20. e4 dxe4 21. Nxe4 Nxe4 22. Bxb4 axb4 23. Bxe4 Rfd8 24. Rec1 Bb3 25. Bc6 g6 26. Bf3 Rxc1+ 27. Rxc1 Rd2 28. Rc8+ Kg7 29. Rb8 Rxb2 30. Rxb4 Rb1+ 31. Kg2 Ba2 32. Rxb1 Bxb1 33. Ba8 Ba2 34. Kf3 Bd5+ 35. Bxd5 exd5 36. Ke3 Kf6 37. f4 Ke6 38. h3 f5 39. Kd3 h6 40. h4 h5 41. Kc3 Kd7 42. Kb3 Kd6 43. Kc3 Kc5 44. Kd3 d4 45. Kd2 Kc4 46. Kc2 d3+ 47. Kd2 Kd4 48. Kd1 Ke3 49. Ke1 Kf3 50. Kd2 Kxg3 51. Kxd3 Kxf4 52. Ke2 Kg3 53. Ke3 f4+ 54. Ke2 f3+ 55. Ke1 Kg2 56. Kd2 f2 57. Ke3 f1Q 58. Ke4 Qf3+ 59. Ke5 Kg3 60. Ke6 Qf5+ 61. Ke7 Kf4 62. Kd6 Qe5+ 63. Kd7 Qf6 64. Ke8 Qg7 65. Kd8 Ke5 66. Kc8 Kd6 67. Kb8 Kc6 68. Ka8 Qb7# 0-1